| Tag |
First Indicator |
Second Indicator |
Subfields |
| LEADER |
00000cem a2200000Ia 4500 |
| 001 |
in00002439421 |
| 005 |
20211202185529.0 |
| 006 |
m d f |
| 007 |
aj cznzn |
| 007 |
cr cn||||||||| |
| 008 |
080904s2003 aru a fs 0 eng d |
| 034 |
0 |
|
|a a
|
| 035 |
|
|
|a (OCoLC)ocn245340948
|
| 040 |
|
|
|a GPO
|c GPO
|d GPO
|d MvI
|d UtOrBLW
|
| 043 |
|
|
|a n-us-ar
|
| 049 |
|
|
|a WWW
|
| 052 |
|
|
|a 4001
|
| 074 |
|
|
|a 0612 (online)
|
| 086 |
0 |
|
|a I 49.44/2:F 33/2
|z I 49.9:F 33
|
| 110 |
2 |
|
|a U.S. Fish and Wildlife Service.
|
| 245 |
1 |
0 |
|a 2001-2002 hunting season :
|b [Felsenthal National Wildlife Refuge].
|
| 246 |
3 |
0 |
|a Felsenthal National Wildlife Refuge
|
| 255 |
|
|
|a Scale not given.
|
| 264 |
|
1 |
|a [Crosset, Ark.] :
|b [U.S. Dept. of the Interior, U.S. Fish & Wildlife Service, Felsenthal NWR],
|c [2003?]
|
| 300 |
|
|
|a 1 map :
|b digital, PDF file.
|
| 336 |
|
|
|a cartographic image
|b cri
|2 rdacontent
|
| 337 |
|
|
|a computer
|b c
|2 rdamedia
|
| 338 |
|
|
|a online resource
|b cr
|2 rdacarrier
|
| 538 |
|
|
|a Mode of acess: Internet from the FWS web site. Address as of 9/4/08: http://library.fws.gov/Refuges/felsenthal%5Fhuntingmap01.pdf ; current access via PURL.
|
| 500 |
|
|
|a Title from title screen (viewed on Sept. 4, 2008).
|
| 500 |
|
|
|a Includes text and location map.
|
| 500 |
|
|
|a Electronic resource.
|
| 650 |
|
0 |
|a Hunting
|z Arkansas
|z Felsenthal National Wildlife Refuge
|v Maps.
|
| 651 |
|
0 |
|a Felsenthal National Wildlife Refuge (Ark.)
|v Maps.
|
| 856 |
4 |
0 |
|u https://purl.fdlp.gov/GPO/LPS101328
|t 0
|
| 999 |
|
|
|a MARS
|
| 999 |
f |
f |
|s c854c9bc-57cc-3345-8614-1654bf8500ff
|i b646bd6a-e6d1-305a-9fbc-c727543d7c9c
|t 0
|
| 952 |
f |
f |
|a Texas A&M University
|b College Station
|c Electronic Resources
|d Available Online
|t 0
|e I 49.44/2:F 33/2
|h Superintendent of Documents classification
|
| 998 |
f |
f |
|a I 49.44/2:F 33/2
|t 0
|l Available Online
|